000 01400cam a2200313 a 4500
001 1622128
005 20220326193345.0
008 940121s1993 ag a b 000 0dspa d
010 _a 95135974
020 _a9509536164
035 _a(OCoLC)29664420
040 _aNRNC
_cNRNC
_dCU-S
_dDLC
041 0 _aspaeng
042 _alccopycat
082 0 0 _a779.209.2
_bP171l
100 2 _aGonzález Palma, Luis,
_d1957-
_94898
245 1 0 _aLuis González Palma /
_cintroducción, María Christina Orive ; [edición de Sara Facio].
260 _aBuenos Aires :
_bAzotea Editorial Fotográfica,
_cc1993.
300 _a82 p. :
_bchiefly ill. (some col.) ;
_c23 x 25 cm.
490 0 _aColección del sol
504 _aIncludes bibliographical references (p. 76-77).
520 1 _a"First book from Azotea Editorial Fotográfica introduces work of González Palma in a bilingual edition. Orive presents the art of this Guatemalan architect and artist, whose work is focused on installations using photographic images and collages"--Handbook of Latin American Studies, v. 58.
_uhttp://www.loc.gov/hlas/
546 _aSpanish and English.
600 2 0 _aGonzález Palma, Luis,
_d1957-
_94899
650 0 _aPhotography, Artistic.
_92823
700 1 _aFacio, Sara.
_94900
906 _a7
_bcbc
_ccopycat
_d2
_encip
_f19
_gy-gencatlg
999 _c889
_d889